कार्लसनची जलपरी आणि विलक्षण गुढकथा (Record no. 1350413)

MARC details
000 -LEADER
fixed length control field 00869nam a2200181Ia 4500
008 - FIXED-LENGTH DATA ELEMENTS--GENERAL INFORMATION
fixed length control field 151202s9999||||xx |||||||||||||| ||und||
082 ## - DEWEY DECIMAL CLASSIFICATION NUMBER
Item number PNVM-86367
100 ## - MAIN ENTRY--PERSONAL NAME
Personal name देवधर विजय
245 ## - TITLE STATEMENT
Title कार्लसनची जलपरी आणि विलक्षण गुढकथा
260 ## - PUBLICATION, DISTRIBUTION, ETC. (IMPRINT)
Name of publisher, distributor, etc "चंद्रकला प्रकाशन३९/५८४,लोकमान्यनगर नवी पेठ पुणे ३ फ़ोन नं-२४३३२७२७"
260 ## - PUBLICATION, DISTRIBUTION, ETC. (IMPRINT)
Date of publication, distribution, etc 2012
300 ## - PHYSICAL DESCRIPTION
Extent 168
600 ## - SUBJECT ADDED ENTRY--PERSONAL NAME
Personal name देवधर विजय
630 ## - SUBJECT ADDED ENTRY--UNIFORM TITLE
Uniform title कार्लसनची जलपरी आणि विलक्षण गुढकथा
700 ## - ADDED ENTRY--PERSONAL NAME
Personal name देवधर विजय
730 ## - ADDED ENTRY--UNIFORM TITLE
Uniform title कार्लसनची जलपरी आणि विलक्षण गुढकथा
942 ## - ADDED ENTRY ELEMENTS (KOHA)
Koha item type Book
Holdings
Withdrawn status Lost status Damaged status Not for loan Home library Current library Date acquired Cost, normal purchase price Total Checkouts Full call number Barcode Date last seen Cost, replacement price Price effective from Koha item type
        Pune Nagar Vachan Mandir, Pune Pune Nagar Vachan Mandir, Pune 07/20/2015 170.00   PNVM-86367 PNVM-86367 12/02/2015 170.00 12/02/2015 Book